00479 2200181 4500001002100000005001500021035002000036245002400056100001700080260003500097300002500132020002200157008004100179082001100220084001700231650002500248990002400273INLIS00000000000080120231024040704 a0010-08230008011 aThe Smiling Teacher aDadi Permadi aBandung :bNuansa Aulia,c2010 a232 hlm. ;c20,5 cm. a978-979-071-074-0231024 0  a371.12 a371.12 DAD t 4aProfesionalitas Guru a0100/STITINKA/01/23